El capital monopolista (Registro nro. 6559)

Detalles MARC
000 -LEADER
fixed length control field 01224 a2200205 4500
001 - CONTROL NUMBER
control field 59006
005 - DATE AND TIME OF LATEST TRANSACTION
control field 20260407155844.0
008 - FIXED-LENGTH DATA ELEMENTS--GENERAL INFORMATION
fixed length control field 260407a1968 arg spa d
003 - CONTROL NUMBER IDENTIFIER
control field AR-UNSa-BCEJYS
040 ## - CATALOGING SOURCE
Original cataloging agency AR-UNSa-BCEJYS
Language of cataloging spa
Transcribing agency AR-UNSa-BCEJYS
080 ## - UNIVERSAL DECIMAL CLASSIFICATION NUMBER
Universal Decimal Classification number 339.9
Common auxiliary subdivision Economía internacional en general. Relaciones económicas internacionales. Economía mundial
100 1# - MAIN ENTRY--PERSONAL NAME
Personal name Baran, Paul A.
245 10 - TITLE STATEMENT
Title El capital monopolista
Name of part/section of a work ensayo sobre el orden económico y social de Estados Unidos
264 #1 - PRODUCTION, PUBLICATION, DISTRIBUTION, MANUFACTURE, AND COPYRIGHT NOTICE
Place of production, publication, distribution, manufacture México :
Name of producer, publisher, distributor, manufacturer Siglo Veintiuno editores
Date of production, publication, distribution, manufacture, or copyright notice 1968
300 ## - PHYSICAL DESCRIPTION
Extent 311 p.
Dimensions 20 cm.
505 ## - FORMATTED CONTENTS NOTE
Formatted contents note 1. La corporación gigante – 2. La tendencia creciente de los excedentes – 3. La absorción de los excedentes: consumo e inversión de los capitalistas – 4. La absorción de los excedentes: las campañas de venta – 5. La absorción de excedentes: gobierno civil – 6. La absorción de excedentes: militarismo e imperialismo – 7. Sobre la historia del capitalismo monopolista – 8. El capitalismo monopolista y las relaciones raciales – 9. Sobre la calidad de la sociedad capitalista monopolista – 10. El sistema irracional
590 ## - LOCAL NOTE (RLIN)
Local note niveau_biblio:m niveau_hierar:0
700 1# - ADDED ENTRY--PERSONAL NAME
Personal name Sweezy, Paul M.
942 ## - ADDED ENTRY ELEMENTS (KOHA)
Koha item type
Existencias
Withdrawn status Lost status Damaged status Not for loan Home library Current library Shelving location Date acquired Total checkouts Full call number Barcode Date last seen Price effective from Koha item type
        Biblioteca Prof. Eusebio Cleto del Rey Biblioteca Prof. Eusebio Cleto del Rey   07/04/2026   339.9 B225 L22904 07/04/2026 07/04/2026 Libro
        Biblioteca Prof. Eusebio Cleto del Rey Biblioteca Prof. Eusebio Cleto del Rey   07/04/2026   339.9 B225 L22903 07/04/2026 07/04/2026 Libro